| 000 | 00615nam a22002057a 4500 | ||
|---|---|---|---|
| 003 | DO-SdBNP | ||
| 005 | 20180213125634.0 | ||
| 008 | 151112b 1996 dr xxu||||| |||| 00| 0 spa d | ||
| 040 |
_aBPMSU _bspa _cBPMSU |
||
| 092 |
_axxxxx _bxxxxx |
||
| 100 | 1 | _aOrbe, Justo del | |
| 245 | 1 | 0 |
_aCosas de juventud : _b novela / _cJusto del Orbe |
| 260 |
_aSanto Domingo : _bSomos Artes Gráficas, _c1996. |
||
| 300 |
_a114 p. _c21 cm. |
||
| 500 | _aIncluye datos biográaficos del autor en la solapa de la cubierta. | ||
| 910 | _a00260 | ||
| 942 |
_2ddc _cBK |
||
| 945 | _ainventariado, 2018 | ||
| 956 | _aLorenza Pérez | ||
| 999 |
_c8679 _d8679 |
||